An essay on western civilisation in its economic aspects / (Record no. 24861)
[ view plain ]
| 000 -LEADER | |
|---|---|
| fixed length control field | 01179cam a22003371 4500 |
| 001 - CONTROL NUMBER | |
| control field | 24861 |
| 003 - CONTROL NUMBER IDENTIFIER | |
| rucl marc code | MCM |
| 005 - DATE AND TIME OF LATEST TRANSACTION | |
| control field | 20211209001116.0 |
| 008 - FIXED-LENGTH DATA ELEMENTS--GENERAL INFORMATION | |
| fixed length control field | 140315r19231900maubd 001 0 eng d |
| 035 ## - SYSTEM CONTROL NUMBER | |
| System control number | (BD-RjUL)24930 |
| System control number | (OCoLC)00478927 |
| 040 ## - CATALOGING SOURCE | |
| Original cataloging agency | DLC |
| Transcribing agency | DLC |
| Modifying agency | OCL |
| -- | MYG |
| -- | BD-RjUL |
| Language of cataloging | eng |
| 041 ## - LANGUAGE CODE | |
| Language code of text/sound track or separate title | eng |
| 082 04 - DEWEY DECIMAL CLASSIFICATION NUMBER | |
| Edition number | 22 |
| Classification number | 700.9 |
| Author mark and year | CUE 1923 |
| 100 1# - MAIN ENTRY--PERSONAL NAME | |
| Personal name | Cunningham, W. |
| Fuller form of name | (William), |
| Dates associated with a name | 1849-1919. |
| 9 (RLIN) | 76511 |
| 245 13 - TITLE STATEMENT | |
| Title | An essay on western civilisation in its economic aspects / |
| Statement of responsibility, etc. | by W. Cunningham |
| 260 ## - PUBLICATION, DISTRIBUTION, ETC. (IMPRINT) | |
| Place of publication, distribution, etc. | Cambridge : |
| Name of publisher, distributor, etc. | University Press, |
| Date of publication, distribution, etc. | 1900. [Reprinted 1923] |
| 300 ## - PHYSICAL DESCRIPTION | |
| Pagination | 300p. : |
| Illustrations | 7 maps, chart. ; |
| Size | 20 cm. |
| 490 1# - SERIES STATEMENT | |
| Series statement | Cambridge historical series, ed. by G. W. Prothero |
| 500 ## - GENERAL NOTE | |
| General note | Vol. 2 embodies the substance of lectures delivered at Harvard University in 1899. cf. Pref. |
| 504 ## - BIBLIOGRAPHY, ETC. NOTE | |
| Bibliography, etc | Includes Index |
| 505 0# - FORMATTED CONTENTS NOTE | |
| Formatted contents note | [v. 1] Ancient times.--v. 2. Mediaeval and modern times. |
| 650 #0 - SUBJECT ADDED ENTRY--TOPICAL TERM | |
| Topical term or geographic name as entry element | Economic history. |
| 9 (RLIN) | 76512 |
| Topical term or geographic name as entry element | Civilization |
| General subdivision | History. |
| 9 (RLIN) | 76513 |
| 830 #0 - SERIES ADDED ENTRY--UNIFORM TITLE | |
| Uniform title | Cambridge historical series. |
| 942 ## - ADDED ENTRY ELEMENTS (KOHA) | |
| Source of classification or shelving scheme | Dewey Decimal Classification |
| Koha item type | Books |
| 946 ## - LOCAL PROCESSING INFORMATION (OCLC) | |
| a | t |
| 949 ## - LOCAL PROCESSING INFORMATION (OCLC) | |
| a | c |
| p | 39080020362304 |
| Lost status | Source of classification or shelving scheme | Damaged status | Not for loan | Collection code | Permanent Location | Current Location | Shelving location | Date acquired | Source of acquisition | Cost, normal purchase price | Total Checkouts | Full call number | Date last seen | Copy number | Koha item type |
|---|---|---|---|---|---|---|---|---|---|---|---|---|---|---|---|
| Dewey Decimal Classification | Added to bundle | Non-fiction | Central Library, University of Rajshahi | Central Library, University of Rajshahi | Reading Room | 09/11/1961 | N/A | 0.00 | 700.9 CUE 1923 | 15/03/2014 | C-1 | Books |